Ekonomické informačné systémy v praxi manažérskeho účtovníctva

Manažérske informačné systémy ako nástroj riadenia ekonomických procesov globálne pôsobiacich spoločností,

Na minha lista:
Detalhes bibliográficos
Autor principal: Látečková, Anna
Outros Autores: Škorecová, Emília
Formato: Capítulo de Livro
Idioma:eslovaco
Assuntos:
Tags: Adicionar Tag
Sem tags, seja o primeiro a adicionar uma tag!

MARC

LEADER 00000naa$a2200000$$$4500
001 0004092
005 20231004074634.8
041 0 |a slo 
044 |a SK 
245 1 0 |a Ekonomické informačné systémy v praxi manažérskeho účtovníctva  |c aut. Anna Látečková, Emília Škorecová 
520 |a Manažérske informačné systémy ako nástroj riadenia ekonomických procesov globálne pôsobiacich spoločností, 
610 2 0 |a podnik 
610 2 0 |a systémy informačné podnikové 
610 2 0 |a účtovníctvo manažérske 
610 2 0 |a softvér 
610 2 0 |a riadenie 
100 1 |a Látečková, Anna 
700 1 |a Škorecová, Emília